Statistiche per Nazionale italiana di calcio Mondiali 2002

Clicka qui per fare il quiz!

Statistiche generali

  • Questo quiz è stato fatto 541 volte
  • Il punteggio medio è 14 su 24

Statistiche sulle risposte

GiocatoreRuolo% Corretto
1BuffonPortiere
99%
10TottiAttaccante
96%
3MaldiniDifensore
94%
7Del PieroAttaccante
92%
13NestaDifensore
90%
5CannavaroDifensore
87%
21VieriAttaccante
84%
8GattusoCentrocampista
80%
9InzaghiAttaccante
78%
22ToldoPortiere
73%
19ZambrottaDifensore
73%
-TrapattoniCommissario Tecnico
66%
23MaterazziDifensore
57%
17TommasiCentrocampista
47%
16Di LivioCentrocampista
43%
14Di BiagioCentrocampista
41%
18Del VecchioAttaccante
37%
20MontellaAttaccante
37%
12AbbiatiPortiere
33%
2PanucciDifensore
33%
4CocoDifensore
25%
6ZanettiCentrocampista
25%
15IulianoDifensore
24%
11DoniCentrocampista
23%

Distribuzione punteggi

Percentile per numero di risposta

Percentuale di utenti per punteggio

I tuoi punteggi nel tempo

Non hai fatto questo quiz